| 000 | 02384cam a2200373 i 4500 | ||
|---|---|---|---|
| 999 |
_c28090 _d28061 |
||
| 001 | 20818120 | ||
| 003 | EG-ScBUE | ||
| 005 | 20200215102905.0 | ||
| 008 | 190122s2019 enk f b 001 0 eng d | ||
| 020 | _z9781316606391 | ||
| 040 |
_aDLC _beng _erda _cDLC _dDLC _dEG-ScBUE |
||
| 082 | 0 | 4 |
_a175 _bCHR _222 |
| 100 | 1 |
_aChristians, Clifford G., _eauthor. _938511 |
|
| 245 | 1 | 0 |
_aMedia ethics and global justice in the digital age / _cClifford G. Christians, University of Illinois, Urbana-Champaign. |
| 264 | 1 |
_aCambridge, United Kingdom ; _aNew York, NY : _bCambridge University Press, _c2019. |
|
| 300 |
_axix, 408 pages ; _c24 cm. |
||
| 336 |
_atext _btxt _2rdacontent |
||
| 337 |
_aunmediated _bn _2rdamedia |
||
| 338 |
_avolume _bnc _2rdacarrier |
||
| 490 | 0 | _aCommunication, society and politics | |
| 504 | _aIncludes bibliographical references and index. | ||
| 505 | 0 | _aIntroduction -- The technological problem: instrumentalism and its cognates -- The ethics of being -- Ethics of truth -- Ethics of human dignity -- Ethics of nonviolence -- Cosmopolitan justice and its agency -- Afterword. | |
| 520 | _aToday's digital revolution is a worldwide phenomenon, with profound and often differential implications for communities around the world and their relationships to one another. This book presents a new, explicitly international theory of media ethics, incorporating non-Western perspectives and drawing deeply on both moral philosophy and the philosophy of technology. Clifford Christians develops an ethics grounded in three principles - truth, human dignity, and non-violence - and shows how these principles can be applied across a wide range of cases and domains. The book is a guide for media professionals, scholars, and educators who are concerned with the global ramifications of new technologies and with creating a more just world. | ||
| 650 | 7 |
_aMass media _xMoral and ethical aspects. _2BUEsh |
|
| 650 | 7 |
_aDigital media _xMoral and ethical aspects. _2BUEsh |
|
| 650 | 7 |
_aMass media _xPolitical aspects. _2BUEsh |
|
| 650 | 7 |
_aDigital media _xPolitical aspects. _2BUEsh |
|
| 653 |
_bBUSBOL _cFebruary2020 |
||
| 655 |
_vReading book _934232 |
||
| 906 |
_a7 _bcbc _corignew _d1 _eecip _f20 _gy-gencatlg |
||
| 942 |
_2ddc _cBB |
||